Africa (Toto)...but it lists every country in Africa - Lyrics in Order - Statistics

General Stats
  • This quiz has been taken 10 times
  • The average score is 8 of 54
Answers on the Map
Answers color-coded by a green-red scale on the quiz's map according to % correct below.
 
Answer Stats
Answer % Correct
Namibia
75%
Kenya
50%
Algeria
25%
Burkina Faso
25%
Cameroon
25%
Chad
25%
Comoros
25%
Djibouti
25%
Egypt
25%
Eswatini
25%
Lesotho
25%
Liberia
25%
Libya
25%
Madagascar
25%
Malawi
25%
Mali
25%
Morocco
25%
Mozambique
25%
Niger
25%
Nigeria
25%
Republic of the Congo
25%
Rwanda
25%
Senegal
25%
Seychelles
25%
South Africa
25%
Sudan
25%
Tanzania
25%
Togo
25%
Uganda
25%
Zambia
25%
and {South Sudan}
0%
Angola
0%
Benin
0%
Botswana
0%
Burundi
0%
Cape Verde
0%
Central African Republic
0%
Cote d'Ivoire
0%
DRC
0%
Equatorial Guinea
0%
Eritrea
0%
Ethiopia
0%
Gabon
0%
Ghana
0%
Guinea
0%
Guinea-Bissau
0%
Mauritania
0%
Mauritius
0%
São Tomé and Príncipe
0%
Sierra Leone
0%
Somalia
0%
The Gambia
0%
Tunisia
0%
Zimbabwe
0%
No matching quizzes found
Score Distribution
Percent of People with Each Score
Percentile by Number Answered
Your Score History
You have not taken this quiz